Дело о расходе сумм по гардеробу за 1845 год

Доступно только в Электронных читальных залах Найти на картеНа карте
RUSMARC
00003727nmc2a22000003x 450
00100bb3a4a-0826-44a7-ad97-8b46087f53fe
00520181224201911.0
100##$a20170623l18451845k l0rusy0189 ca
1010#$arus
102##$aRU
2001#$aДело о расходе сумм по гардеробу за 1845 год
$j16 марта - 6 ноября 1845 г.
$hЧасть 7
251##$cДело
300##$aПо Санкт-Петербургской дирекции за 1845 год
300##$aДело
801#0$aRU
$bРГИА
$c20170623
$gRCR
801#1$aRU
$bГлавНИВЦ
$c20170623
$2rusmarc
801#2$aRU
$bПБ им. Б.Н. Ельцина
$c20181224
$gRCR
$2rusmarc
850##$aРГИА
852##$aРГИА
$eФедеральное казенное учреждение "Российский государственный исторический архив" (РГИА)
$j10398
937##$hРГИА
$d12246362
$aASBIBLIO_SCAN
462#0$1001dd3991dc-24e1-42ec-8838-ca4255420416
$12001
$a1746-1850 гг.
$1251
$cОпись
$1852
$j1
461#0$10019264ebf8-de62-4f1a-9eb4-9f22098dbbd5
$12001
$aДирекция императорских театров МИДв
$1251
$cФонд
$1852
$j497
215##$a257 л.
$d36,5х26 см
371##$aДокумент не является опубликованным и широко распространяемым
105##$ay###
1222#$ad
035##$a00bb3a4a-0826-44a7-ad97-8b46087f53fe
856##$uhttp://readingroom.main.prlib.ru/item.aspx?id_node=n122272449&mode=full
Формат отображения